| 000 | 00680nam a2200253Ia 4500 | ||
|---|---|---|---|
| 003 | OSt | ||
| 005 | 20221005084242.0 | ||
| 006 | a|||||r|||| 00| 0 | ||
| 007 | ta | ||
| 008 | 221004b |||||||| |||| 00| 0 eng d | ||
| 024 | _a55091 | ||
| 037 | _cTextual | ||
| 040 |
_aCRL _cCRL _beng |
||
| 041 |
_2eng _aeng |
||
| 082 | _aV1.N49, J7 | ||
| 100 | _aPatterson Gardner | ||
| 245 | 0 |
_aReport _b NATO |
|
| 260 |
_aNew Jersey _bPrinceton University Conference on Nato USA _c1957 |
||
| 300 |
_a107p. _ccm. |
||
| 650 | _aHISTORY | ||
| 700 | _a Furniss Edgar S. | ||
| 942 |
_hV1.N49, J7 _cTEXL _2cc |
||
| 999 |
_c992241 _d992241 |
||